[Event "IRI Cities-chT"]
[Site "Esfahan"]
[Date "2016.05.15"]
[Round "7.3"]
[White "Jalali, Hadi"]
[Black "Esmaeili, H Reza"]
[Result "0-1"]
[WhiteElo "1827"]
[BlackElo "2267"]
[PlyCount "58"]
[EventDate "2016.05.11"]
[EventType "team-swiss"]
[EventRounds "7"]
[EventCountry "IRI"]
[SourceTitle "CBM 172 Extra"]
[Source "ChessBase"]
[SourceDate "2016.06.21"]
[SourceVersion "1"]
[SourceVersionDate "2016.06.21"]
[SourceQuality "1"]
[WhiteTeam "Tabriz Shahdari"]
[BlackTeam "Shiraz Darya Borj"]
[WhiteTeamCountry "IRI"]
[BlackTeamCountry "IRI"]

1. Nf3 Nf6 2. c4 g6 3. g3 Bg7 4. Bg2 0-0 5. 0-0 d6 6. Nc3 Nc6 7. Rb1 e5 8. b4 Nh5 9. d3 f5 10. Bd2 h6 11. b5 Ne7 12. Nd5 Be6 13. Ne1 Rb8 14. Qc1 f4 15. Nc2 Qd7 16. Ncb4 Bg4 17. Re1 g5 18. h3 fxg3 19. fxg3 Nxd5 20. Bxd5+ Be6 21. Kh2 Bxd5 22. Nxd5 Rf2+ 23. Kg1 Qxh3 24. Kxf2 Qxg3+ 25. Kf1 Rf8+ 26. Nf4 exf4 27. Bc3 f3 28. exf3 Qxf3+ 29. Kg1 Qf2+ 0-1